Fundamentals of financial management (Record no. 70153)

000 -LEADER
fixed length control field 00511nam a22001937a 4500
003 - CONTROL NUMBER IDENTIFIER
control field NUST - PNEC
005 - DATE AND TIME OF LATEST TRANSACTION
control field 20170116181134.0
008 - FIXED-LENGTH DATA ELEMENTS--GENERAL INFORMATION
fixed length control field 151007b xxu||||| |||| 00| 0 eng d
020 ## - INTERNATIONAL STANDARD BOOK NUMBER
International Standard Book Number 0324319800
020 ## - INTERNATIONAL STANDARD BOOK NUMBER
International Standard Book Number 0324319819
040 ## - CATALOGING SOURCE
Transcribing agency LIBRARY
082 ## - DEWEY DECIMAL CLASSIFICATION NUMBER
Classification number 658.15 BRI
100 ## - MAIN ENTRY--PERSONAL NAME
9 (RLIN) 14181
Personal name Brigham, Eugene F.
245 ## - TITLE STATEMENT
Title Fundamentals of financial management
Statement of responsibility, etc. Eugene F. Brigham
250 ## - EDITION STATEMENT
Edition statement Eleventh Edition
260 ## - PUBLICATION, DISTRIBUTION, ETC.
Date of publication, distribution, etc. c.2007
650 ## - SUBJECT ADDED ENTRY--TOPICAL TERM
9 (RLIN) 14183
Topical term or geographic name entry element Corporations--Finance
General subdivision MIS
942 ## - ADDED ENTRY ELEMENTS (KOHA)
Source of classification or shelving scheme
Koha item type Book
Holdings
Withdrawn status Lost status Source of classification or shelving scheme Damaged status Not for loan Permanent Location Current Location Shelving location Date acquired Total Checkouts Full call number Barcode Date last seen Price effective from Koha item type
          Pakistan Navy Engineering College (PNEC) Pakistan Navy Engineering College (PNEC)       658.15 BRI PNECLIB-029832 10/07/2015   Book
          Pakistan Navy Engineering College (PNEC) Pakistan Navy Engineering College (PNEC)   10/07/2015   658.15 BRI PNECLIB-029831 10/07/2015   Book
© 2023 Central Library, National University of Sciences and Technology. All Rights Reserved.